सांजमग्न कविता / (Record no. 53625)

MARC details
000 -LEADER
fixed length control field 00989nam a22002297a 4500
005 - DATE AND TIME OF LATEST TRANSACTION
control field 2011062709329.0
008 - FIXED-LENGTH DATA ELEMENTS--GENERAL INFORMATION
fixed length control field 110627t xxu||||| |||| 00| 0 mar d
010 ## - LCCN (DPL NO)
LC control number MAR-21027
020 ## - INTERNATIONAL STANDARD BOOK NUMBER
Terms of availability 50.00
035 ## - SYSTEM CONTROL NUMBER
System control number MR-13685
037 ## - SOURCE OF ACQUISITION
Source of stock number/acquisition DBAD/PUB
040 ## - CATALOGING SOURCE
Original cataloging agency DPL
Language of cataloging MR
082 ## - DEWEY DECIMAL CLASSIFICATION NUMBER
Classification number 891.461
100 ## - MAIN ENTRY--PERSONAL NAME
9 (RLIN) 28800
Personal name अनिल बी
245 ## - TITLE STATEMENT
Title सांजमग्न कविता /
Statement of responsibility, etc बी अनिल
246 ## - VARYING FORM OF TITLE
Title proper/short title Sanjmagna Kavita
Remainder of title by B Anil
260 ## - PUBLICATION, DISTRIBUTION, ETC. (IMPRINT)
Place of publication, distribution, etc मुबंई (जि.ठाणे)
Name of publisher, distributor, etc आदिती प्रकाशन
Date of publication, distribution, etc 2011
270 ## - ADDRESS
Address वर्षा अपार्टमेंट बदलापूर
City मुबंई (जि.ठाणे)
Postal code 400025
Telephone number 022-2671126
300 ## - PHYSICAL DESCRIPTION
Extent 58पृ
Other physical details 18सेमी(अजिल्द)
942 ## - ADDED ENTRY ELEMENTS (KOHA)
Source of classification or shelving scheme Dewey Decimal Classification
Item type Marathi Books
Classification part 891.461
Call number suffix अनिल
Holdings
Withdrawn status Lost status Source of classification or shelving scheme Damaged status Not for loan Collection code Home library Current library Date acquired Source of acquisition Cost, normal purchase price Total Checkouts Full call number Barcode Date last seen Copy number Cost, replacement price Koha item type
    Dewey Decimal Classification   Not For Loan Fiction D.B.Act.Division D.B.Act.Division 06/07/2011 DBAD / PUB 50.00   891.461 अनिल MR-13685 06/07/2011 1 50.00 Marathi Books

© Delhi Public Library
Hit Counter
free hit counter